Validation of sts score for Egyptian cabg patients / (رقم التسجيلة. 78417)
[ عرض عادي ]
| 000 -LEADER | |
|---|---|
| fixed length control field | 02944cam a2200349 a 4500 |
| 003 - CONTROL NUMBER IDENTIFIER | |
| control field | EG-GiCUC |
| 005 - DATE AND TIME OF LATEST TRANSACTION | |
| control field | 20250223032619.0 |
| 008 - FIXED-LENGTH DATA ELEMENTS--GENERAL INFORMATION | |
| fixed length control field | 201025s2020 ua dh f m 000 0 eng d |
| 040 ## - CATALOGING SOURCE | |
| Original cataloging agency | EG-GiCUC |
| Language of cataloging | eng |
| Transcribing agency | EG-GiCUC |
| 041 0# - LANGUAGE CODE | |
| Language code of text/sound track or separate title | eng |
| 049 ## - LOCAL HOLDINGS (OCLC) | |
| Holding library | Deposite |
| 097 ## - Thesis Degree | |
| Thesis Level | Ph.D |
| 099 ## - LOCAL FREE-TEXT CALL NUMBER (OCLC) | |
| Classification number | Cai01.11.05.Ph.D.2020.Jo.V |
| 100 0# - MAIN ENTRY--PERSONAL NAME | |
| Personal name | John Malaty Fouad Abdelmesseh |
| 245 10 - TITLE STATEMENT | |
| Title | Validation of sts score for Egyptian cabg patients / |
| Statement of responsibility, etc. | John Malaty Fouad Abdelmesseh ; Supervied Magued Abdelmesseh Zikri , Waleed Gamal Eldin Abosenna , Ahmed Salah Eldin Fouad |
| 246 15 - VARYING FORM OF TITLE | |
| Title proper/short title | دراسة مدى كفاءة وصلاحية نظام جمعية جراحى القلب(إس-تى-إس) فى تقييم وتوقع مخاطر جراحة القلب فى مرضى شرايين القلب المصريين |
| 260 ## - PUBLICATION, DISTRIBUTION, ETC. | |
| Place of publication, distribution, etc. | Cairo : |
| Name of publisher, distributor, etc. | John Malaty Fouad Abdelmesseh , |
| Date of publication, distribution, etc. | 2020 |
| 300 ## - PHYSICAL DESCRIPTION | |
| Extent | 250 P. : |
| Other physical details | charts , facimiles ; |
| Dimensions | 25cm |
| 502 ## - DISSERTATION NOTE | |
| Dissertation note | Thesis (Ph.D.) - Cairo University - Faculty of Medicine - Department of Cardiothoracic Sugery |
| 520 ## - SUMMARY, ETC. | |
| Summary, etc. | Background: CABG has been established as the standard treatment of complex CAD. Prognostic models have been adopted in medical guidelines and are now widely used to assess risk and guide therapy.We applied STS scoring system to patients undergoing CABG to evaluate their predictive performance of early mortality and morbidities . Methods: In the period between septemper 2018and june 2020, we evaluated 100 patients who underwent CABG at the Kasr AL Ainy hospitals. STS values were calculated for the patients who were fall in the isolated CABG model of the STS risk models using the STS calculator v2.9 available online The area under a receiver operating characteristic (ROC) curve, was used to represent the discriminative power of the scoring system and The Hosmer-Lemeshow statistic was used to assess calibration. Results: STS model showed good discriminationpower and good calibration in Hosmer and Lemeshow Test in predicting mortality ,morbidity, renal failure,neurological complications, DSW infection and long length of stay. Also it showed bad calibration in predicting prolonged ventilation. However, it could not be assessed for reoperation and short length of stay because there was no events.Conclusion: STS scoring system is well calibrated to be used in the studied population that was submitted to CABG procedures, being able to detect mortality and the majority of the investigated outcomes |
| 530 ## - ADDITIONAL PHYSICAL FORM AVAILABLE NOTE | |
| Additional physical form available note | Issued also as CD |
| 653 #4 - INDEX TERM--UNCONTROLLED | |
| Uncontrolled term | Coronary Artery Bypass Graft (CABG) |
| 653 #4 - INDEX TERM--UNCONTROLLED | |
| Uncontrolled term | Percutaneous Coronary Intervention (PCI) |
| 653 #4 - INDEX TERM--UNCONTROLLED | |
| Uncontrolled term | Society of Thoracic Surgeons (STS) |
| 700 0# - ADDED ENTRY--PERSONAL NAME | |
| Personal name | Ahmed Salah Eldin Fouad , |
| Relator term | |
| 700 0# - ADDED ENTRY--PERSONAL NAME | |
| Personal name | Magued Abdelmesseh Zikri , |
| Relator term | |
| 700 0# - ADDED ENTRY--PERSONAL NAME | |
| Personal name | Waleed Gamal Eldin Abosenna , |
| Relator term | |
| 856 ## - ELECTRONIC LOCATION AND ACCESS | |
| Uniform Resource Identifier | <a href="http://172.23.153.220/th.pdf">http://172.23.153.220/th.pdf</a> |
| 905 ## - LOCAL DATA ELEMENT E, LDE (RLIN) | |
| Cataloger | Nazla |
| Reviser | Revisor |
| 905 ## - LOCAL DATA ELEMENT E, LDE (RLIN) | |
| Cataloger | Shimaa |
| Reviser | Cataloger |
| 942 ## - ADDED ENTRY ELEMENTS (KOHA) | |
| Source of classification or shelving scheme | Dewey Decimal Classification |
| Koha item type | Thesis |
| Source of classification or shelving scheme | Not for loan | Home library | Current library | Date acquired | Full call number | Barcode | Date last seen | Koha item type | Copy number |
|---|---|---|---|---|---|---|---|---|---|
| Dewey Decimal Classification | المكتبة المركزبة الجديدة - جامعة القاهرة | قاعة الرسائل الجامعية - الدور الاول | 11.02.2024 | Cai01.11.05.Ph.D.2020.Jo.V | 01010110081855000 | 22.09.2023 | Thesis | ||
| Dewey Decimal Classification | المكتبة المركزبة الجديدة - جامعة القاهرة | مخـــزن الرســائل الجـــامعية - البدروم | 11.02.2024 | Cai01.11.05.Ph.D.2020.Jo.V | 01020110081855000 | 22.09.2023 | CD - Rom | 81855.CD |